Aplikácia modelu 5M pri realizácii komunikačnej kampane na internete

Realizácia komunikačnej kampane vyžaduje prípravu a postup podľa premyslenej koncepcie. Existuje niekoľko druhov metodík, pomocou ktorých je možné naplánovať reklamnú kampaň. V internetovom prostredí existujú špecifiká, ktoré je pri využití modelu 5M potrebné zohľadniť. Medzi reklamnými formátmi na...

Descrizione completa

Salvato in:
Dettagli Bibliografici
Autore principale: Miklošík, Andrej
Natura: Capitolo di libro
Lingua:slovacco
Soggetti:
Tags: Aggiungi Tag
Nessun Tag, puoi essere il primo ad aggiungerne!!

MARC

LEADER 00000nla$a2200000$$$4500
001 0068185
005 20240711113103.1
041 0 |a slo 
044 |a CZ 
245 1 0 |a Aplikácia modelu 5M pri realizácii komunikačnej kampane na internete  |c Andrej Miklošík 
520 |a Realizácia komunikačnej kampane vyžaduje prípravu a postup podľa premyslenej koncepcie. Existuje niekoľko druhov metodík, pomocou ktorých je možné naplánovať reklamnú kampaň. V internetovom prostredí existujú špecifiká, ktoré je pri využití modelu 5M potrebné zohľadniť. Medzi reklamnými formátmi na internete sú rozdiely, ktoré sa týkajú ich určenia a efektivity. V súčasnej modernej elektronickej dobe by mal byť internet súčasťou väčšiny komunikačných kampaní, prípadne vystupovať ako jediné médium v prípade online kampane. 
610 2 0 |a technológie komunikačné 
610 2 0 |a internet 
610 2 0 |a kampane reklamné 
610 2 0 |a reklama 
610 2 0 |a komunikácia elektronická 
610 2 0 |a modely 
100 1 |a Miklošík, Andrej